Effect of composted organic and mineral fertilizers mixture on some important characters of potato plants grown in desert land (Record no. 53261)
[ view plain ]
| 000 -LEADER | |
|---|---|
| fixed length control field | 03120cab a2200289Ia 45 0 |
| 001 - CONTROL NUMBER | |
| control field | u200881 |
| 003 - CONTROL NUMBER IDENTIFIER | |
| control field | SIRSI |
| 008 - FIXED-LENGTH DATA ELEMENTS--GENERAL INFORMATION | |
| fixed length control field | 120102s2011 ua ss b eng d |
| 040 ## - CATALOGING SOURCE | |
| Original cataloging agency | EAL |
| 041 ## - LANGUAGE CODE | |
| Language code of text/sound track or separate title | eng |
| Language code of summary or abstract | ara |
| 090 ## - LOCALLY ASSIGNED LC-TYPE CALL NUMBER (OCLC); LOCAL CALL NUMBER (RLIN) | |
| Classification number (OCLC) (R) ; Classification number, CALL (RLIN) (NR) | ART ASEJ V32 NO3 9 |
| 100 1# - MAIN ENTRY--PERSONAL NAME | |
| Personal name | Abd El-Aal, Hala Ahmed. |
| 240 10 - UNIFORM TITLE | |
| Uniform title | Alexandria science exchange journal, 2011 v. 32 (3) |
| Medium | [electronic resource]: |
| -- | an international quarterly journal of science agricultural environments. |
| 245 10 - TITLE STATEMENT | |
| Title | Effect of composted organic and mineral fertilizers mixture on some important characters of potato plants grown in desert land |
| Medium | [electronic resource]. |
| 246 15 - VARYING FORM OF TITLE | |
| Title proper/short title | تأثير كمر خليط من الاسمدة العضوية والمعدنية علي بعض الصفات الهامة للبطاطس المنزرعة في الاراضي الصحراوية. |
| 300 ## - PHYSICAL DESCRIPTION | |
| Extent | p.354-362 |
| 504 ## - BIBLIOGRAPHY, ETC. NOTE | |
| Bibliography, etc. note | Includes references. |
| 520 ## - SUMMARY, ETC. | |
| Summary, etc. | Two field experiments were conducted at the Research Farm of the Environmental Studies and Research Institute, Menoufiya University, Sadat City, Egypt; during the two winter seasons of 2006/2007 and 2007/2008. The objective of this investigation was to study the effects of two methods of composite of organic and mineral fertilizers mixture through, two systems of fertilizing, i.e., external compost with mineral fertilizers, external compost with bio¬fertilizer; internal compost with mineral fertilizers; and internal compost with bio-fertilizer as well as the control; on some characters of potato tubers of Diamont local cultivar.The obtained results indicated generally that the most important findings were as follows: significantlyhighest value -Plant height had thefor theexternal compost with mineral fertilizer. -The four treatments under study did not vary significantly regarding plant fresh weight being significantly higher than the control. -Treatments of the external compost with mineral and bio¬fertilizer and internal compost with bio-fertilizer gave highly significantly increment in tuber weight as compared to the control. -The significantly highest total yield (ton/fed) was achieved by treatment of external compost with mineral and bio¬fertilizer. -Treatments of the external compost with bio-fertilizer and internal compost with bio-fertilizer gave significantly the highest tuber dry matter (%). - Starch and sugar content of tubers exhibited significantly different values due to the treatment applied and the season of growth. In conclusion, despite the superiority of the four treatments to the control, the treatment of external compost with mineral fertilizers was the best in terms of improvement the vegetative and yield properties. This treatment was followed by the treatment of external compost with bio-fertilizer. |
| 546 ## - LANGUAGE NOTE | |
| Language note | Summary in Arabic. |
| 596 ## - | |
| -- | 1 |
| 650 #0 - SUBJECT ADDED ENTRY--TOPICAL TERM | |
| Topical term or geographic name entry element | Potatoes |
| General subdivision | Fertilizers. |
| 650 #0 - SUBJECT ADDED ENTRY--TOPICAL TERM | |
| Topical term or geographic name entry element | Organic fertilizers. |
| 650 #0 - SUBJECT ADDED ENTRY--TOPICAL TERM | |
| Topical term or geographic name entry element | Compost. |
| 650 #3 - SUBJECT ADDED ENTRY--TOPICAL TERM | |
| Topical term or geographic name entry element | Mineral fertilizers |
| 773 0# - HOST ITEM ENTRY | |
| Title | Alexandria Science Exchange Journal. |
| Related parts | 2011.v.32(3) |
| International Standard Serial Number | 1110-0176 |
| Control subfield | nnas |
| Record control number | u193445 |
| 856 40 - ELECTRONIC LOCATION AND ACCESS | |
| Uniform Resource Identifier | <a href="http://nile.enal.sci.eg/EALE/2011/ASEJ/3211/3/354.pdf">http://nile.enal.sci.eg/EALE/2011/ASEJ/3211/3/354.pdf</a> |
| Public note | Full Text Article. |
| 942 ## - ADDED ENTRY ELEMENTS (KOHA) | |
| Koha item type | Articles |
| Source of classification or shelving scheme | Library of Congress Classification |
No items available.